|
|
|
|
| LEADER |
03920nam a22005655i 4500 |
| 001 |
978-3-540-32093-7 |
| 003 |
DE-He213 |
| 005 |
20151204154644.0 |
| 007 |
cr nn 008mamaa |
| 008 |
100402s2005 gw | s |||| 0|eng d |
| 020 |
|
|
|a 9783540320937
|9 978-3-540-32093-7
|
| 024 |
7 |
|
|a 10.1007/11581741
|2 doi
|
| 040 |
|
|
|d GrThAP
|
| 050 |
|
4 |
|a QA76.9.A73
|
| 050 |
|
4 |
|a QA76.9.S88
|
| 072 |
|
7 |
|a UYD
|2 bicssc
|
| 072 |
|
7 |
|a COM032000
|2 bisacsh
|
| 072 |
|
7 |
|a COM067000
|2 bisacsh
|
| 082 |
0 |
4 |
|a 003.3
|2 23
|
| 245 |
1 |
0 |
|a Model Driven Architecture – Foundations and Applications
|h [electronic resource] :
|b First European Conference, ECMDA-FA 2005, Nuremberg, Germany, November 7-10, 2005. Proceedings /
|c edited by Alan Hartman, David Kreische.
|
| 264 |
|
1 |
|a Berlin, Heidelberg :
|b Springer Berlin Heidelberg,
|c 2005.
|
| 300 |
|
|
|a X, 286 p.
|b online resource.
|
| 336 |
|
|
|a text
|b txt
|2 rdacontent
|
| 337 |
|
|
|a computer
|b c
|2 rdamedia
|
| 338 |
|
|
|a online resource
|b cr
|2 rdacarrier
|
| 347 |
|
|
|a text file
|b PDF
|2 rda
|
| 490 |
1 |
|
|a Lecture Notes in Computer Science,
|x 0302-9743 ;
|v 3748
|
| 505 |
0 |
|
|a MDA Development Processes -- Applying MDA to Voice Applications: An Experience in Building an MDA Tool Chain -- MDA, Meta-Modelling and Model Transformation: Introducing New Technology into the Defence Industry -- Using Domain Driven Development for Monitoring Distributed Systems -- MDA for Embedded and Real-Time Systems -- Model-Driven Architecture for Hard Real-Time Systems: From Platform Independent Models to Code -- Model-Driven Performance Analysis of UML Design Models Based on Stochastic Process Algebra -- MDA Components: A Flexible Way for Implementing the MDA Approach -- MDA and Component-Based Software Engineering -- An MDA Approach for Adaptable Components -- Layered Ontological Modelling for Web Service-Oriented Model-Driven Architecture -- Model-Driven Development – Hot Spots in Business Information Systems -- Metamodelling -- Semantic Anchoring with Model Transformations -- On Some Properties of Parameterized Model Application -- A Comparative Study of Metamodel Integration and Interoperability in UML and Web Services -- Control Flow Analysis of UML 2.0 Sequence Diagrams -- Designing a Domain-Specific Contract Language: A Metamodelling Approach -- Making Metamodels Aware of Concrete Syntax -- Model Transformation -- XRound: Bidirectional Transformations and Unifications Via a Reversible Template Language -- Towards General Purpose, High Level, Software Languages -- Toward Standardised Model to Text Transformations -- On Relationships Between Query Models -- Transformations Between UML and OWL-S -- A Graphical Specification of Model Transformations with Triple Graph Grammars -- Model Synchronization and Consistency -- Horizontal Transformation of PSMs -- Automatic Support for Traceability in a Generic Model Management Framework -- Synchronizing Cardinality-Based Feature Models and Their Specializations.
|
| 650 |
|
0 |
|a Computer science.
|
| 650 |
|
0 |
|a Computer organization.
|
| 650 |
|
0 |
|a Architecture, Computer.
|
| 650 |
|
0 |
|a Software engineering.
|
| 650 |
|
0 |
|a Computer logic.
|
| 650 |
|
0 |
|a Management information systems.
|
| 650 |
1 |
4 |
|a Computer Science.
|
| 650 |
2 |
4 |
|a Computer System Implementation.
|
| 650 |
2 |
4 |
|a Computer Systems Organization and Communication Networks.
|
| 650 |
2 |
4 |
|a Software Engineering.
|
| 650 |
2 |
4 |
|a Logics and Meanings of Programs.
|
| 650 |
2 |
4 |
|a Management of Computing and Information Systems.
|
| 700 |
1 |
|
|a Hartman, Alan.
|e editor.
|
| 700 |
1 |
|
|a Kreische, David.
|e editor.
|
| 710 |
2 |
|
|a SpringerLink (Online service)
|
| 773 |
0 |
|
|t Springer eBooks
|
| 776 |
0 |
8 |
|i Printed edition:
|z 9783540300267
|
| 830 |
|
0 |
|a Lecture Notes in Computer Science,
|x 0302-9743 ;
|v 3748
|
| 856 |
4 |
0 |
|u http://dx.doi.org/10.1007/11581741
|z Full Text via HEAL-Link
|
| 912 |
|
|
|a ZDB-2-SCS
|
| 912 |
|
|
|a ZDB-2-LNC
|
| 950 |
|
|
|a Computer Science (Springer-11645)
|